One Piece - Les 10 meilleurs de ... #6 - Statistiques

Statistiques générales
  • Ce quiz a été pris 211 fois
  • Le résultat moyen est 20 sur 40
Statistiques - réponses
Hint Réponse % Correct
Plus puissant All Time Monkey D. Luffy
86%
Plus puissant All Time Shanks
84%
Plus puissant All Time Gol D. Roger
82%
Meilleurs introduction de personnage Kaido
82%
Plus puissant All Time Kaido
82%
Meilleurs introduction de personnage Edward Newgate
81%
Du gouvernements Mondial Nerona Imu
77%
Meilleurs introduction de personnage Nerona Imu
77%
Plus puissant All Time Nerona Imu
77%
Meilleurs introduction de personnage Big Mom
76%
Plus puissant All Time Monkey D. Garp
73%
Races / Tribut de One Piece Géant
71%
Plus puissant All Time Sakazuki Akainu
67%
Plus puissant All Time Edward Newgate
61%
Du gouvernements Mondial Saint Jaygarcia Saturn
61%
Races / Tribut de One Piece Hommes - Poissons
60%
Du gouvernements Mondial Saint Marcus Mars
57%
Meilleurs introduction de personnage Dracule Mihawk
55%
Plus puissant All Time Marshall D. Teach
55%
Plus puissant All Time JoyBoy
50%
Races / Tribut de One Piece Minks
48%
Meilleurs introduction de personnage Crocodile
45%
Du gouvernements Mondial Saint Figarland Garling
45%
Meilleurs introduction de personnage Trafalgar D. Water Law
45%
Du gouvernements Mondial Saint Shepherd Ju Peter
43%
Du gouvernements Mondial Saint Topman Warcury
41%
Du gouvernements Mondial Saint Ethanbaron V. Nusjuro
39%
Du gouvernements Mondial Rob Lucci
38%
Meilleurs introduction de personnage Charlotte Katakuri
36%
Du gouvernements Mondial Kaku
32%
Meilleurs introduction de personnage Kozuki Oden
31%
Meilleurs introduction de personnage Ener
27%
Races / Tribut de One Piece Lunarias
26%
Races / Tribut de One Piece Nains
25%
Du gouvernements Mondial Sainte Manmeyer Gunko
18%
Races / Tribut de One Piece Buccanneers
14%
Races / Tribut de One Piece Kujas
8%
Races / Tribut de One Piece Longs - Membres
6%
Races / Tribut de One Piece Cyborgs
5%
Races / Tribut de One Piece Okamas
4%
Aucun quiz correspondant
Distribution des résultats
% des personnes avec chaque résultat
Percentile par nombre de réponses
Votre historique - résultats
Vous n’avez pas pris ce quiz